Statistiques concernant Pays européens par frontières en 15 secondes

Cliquez ici pour prendre le quiz!

Statistiques générales

  • Ce quiz a été pris 971 fois
  • Le résultat moyen est 30 sur 45

Réponses sur la Carte

Les réponses sont colorées sur une échelle allant du rouge au vert en fonction du pourcentage des utilisateurs qui les ont devinées à leur premier essai. Vous pouvez retrouver ces pourcentages ci-dessous.
 

Statistiques - réponses

pays% Correct
France
99%
Allemagne
98%
Suisse
98%
Espagne
94%
Italie
94%
Andorre
93%
Belgique
91%
Luxembourg
91%
Pays-Bas
91%
Pologne
88%
Russie
87%
Biélorussie
85%
Ukraine
85%
Finlande
84%
Norvège
84%
Autriche
80%
Lituanie
80%
Monaco
77%
Hongrie
73%
Lettonie
72%
Tchequie
72%
Estonie
70%
Roumanie
69%
Bulgarie
68%
Serbie
67%
Slovénie
63%
Suède
63%
Macédoine
60%
Slovaquie
58%
Portugal
54%
Irlande
51%
Royaume-Uni
51%
Croatie
50%
Monténégro
50%
Albanie
48%
Grèce
48%
Bosnie-
Herzégovine
45%
Danemark
45%
Saint-Marin
43%
Vatican
43%
Moldavie
42%
Kosovo
40%
Liechtenstein
35%
Islande
33%
Malte
12%

Distribution des résultats

Percentile par nombre de réponses

% des personnes avec chaque résultat

Votre développement - résultats

Vous n’avez pas pris ce quiz